Estatísticas para Países que começam com a letra "A"

Clique aqui para jogar o quiz

Estatísticas Gerais

  • Esse quiz foi jogado 1 626 vezes
  • A pontuação média é 12 de 14

Estatísticas das Respostas

Países% Correto
ALEMANHA
93%
ARGENTINA
91%
AUSTRÁLIA
90%
ÁUSTRIA
89%
ANDORRA
88%
ALBÂNIA
86%
ARGÉLIA
85%
ARMÊNIA
85%
AFEGANISTÃO
83%
ANGOLA
82%
AZERBAIJÃO
82%
ÁFRICA DO SUL
77%
ANTÍGUA E BARBUDA
75%
ARÁBIA SAUDITA
74%

Distribuição das Pontuações

Percentil de Números Respondidos

Porcentagem de Pessoas com Cada Pontuação

Sua Pontuação Histórica

Você não jogou esse quiz